Schweiz in Fotos - Statistiken

Allgemein
  • Dieses Quiz wurde 176 mal gespielt
    165 seit der letzten Aktualisierung
  • Das Durchschnittsergebnis liegt bei 8 aus 16
Antwortstatistiken
Bildquiz Antwort % Korrekt
Genf
92%
Luzern
88%
Zürich
88%
Bern
85%
Zermatt
81%
Basel
75%
Chur
53%
Lugano
51%
St. Moritz
43%
Locarno
39%
Lauterbrunnen
37%
Sitten
33%
Lausanne
30%
St. Gallen
29%
Aarau
10%
La Chaux-de-Fonds
7%
Keine übereinstimmenden Quizze gefunden
Verteilung der Resultate
Anzahl Personen mit jedem Resultat
Perzentil nach korrekt beantworteten Fragen
Ihre Resultats-Entwicklung
Sie haben dieses Quiz seit der letzten Aktualisierung nicht gespielt